| 000 | 00614nam a2200229Ia 4500 | ||
|---|---|---|---|
| 003 | OSt | ||
| 005 | 20221007074147.0 | ||
| 006 | a|||||r|||| 00| 0 | ||
| 007 | ta | ||
| 008 | 221006b |||||||| |||| 00| 0 eng d | ||
| 024 | _a28,982 | ||
| 037 | _cTextual | ||
| 040 |
_aFLL _cFLL _beng |
||
| 041 |
_2eng _aeng |
||
| 082 | _aZQ2, G9 | ||
| 100 |
_aRaghavachariar N.R. _9692614 |
||
| 245 | 0 | _aHindu law principles & precedents | |
| 260 |
_aMadras _bThe Indian Law House India _c1939 |
||
| 300 |
_alviii,858p _ccm. |
||
| 942 |
_hZQ2, G9 _cTEXL _2CC |
||
| 999 |
_c1151379 _d1151379 |
||